00570nam a2200193 450000500170000000800410001702000150005803500130007304000180008608200080010410000170011224500590012926000490018827000580023730000270029550000200032265000170034265000170035920090723162218.0700212s1969 ce b 000 0 eng  a8170249430 aA-895480 adplbEnglish  a323 aSen, Sankar  aHuman rights in a developing society /cby Sankar Sen  aNew Delhi bAPH Publishing Corporationc1998 a4435-36/7, Ansari Road, DaryaganjbNew Delhi e110002 aviii, 293p. c20 cms.  aIncludes index  aCivil rights aHuman rights